|
|
|
|
| LEADER |
00000nam1a2200000 4500 |
| 001 |
380560 |
| 005 |
20231101062704.0 |
| 011 |
|
|
|a 0002-3353
|
| 035 |
|
|
|a (RuTPU)RU\TPU\prd\1706
|
| 035 |
|
|
|a RU\TPU\prd\515
|
| 090 |
|
|
|a 380560
|
| 100 |
|
|
|a 20020220a19369999k y0rusy50 ca
|
| 101 |
0 |
|
|a rus
|
| 102 |
|
|
|a RU
|
| 200 |
1 |
|
|a Известия Российской академии наук. Серия химическая
|e научный журнал
|f Российская академия наук (РАН), Институт органической химии им. Н. Д. Зелинского ; Отделение химии и наук о материалах
|
| 210 |
|
|
|a Москва
|d 1992-
|c Российская академия наук
|
| 305 |
|
|
|a Издается с 1936 г.
|
| 326 |
|
|
|a 12 номеров в год
|
| 430 |
|
1 |
|0 (RuTPU)RU\TPU\prd\515
|x 0002-3353
|t Известия Академии наук СССР. Серия химическая
|o научный журнал
|f Академия наук СССР (АН СССР)
|c Москва
|n Наука
|d 1936-1991
|
| 469 |
|
|
|0 (RuTPU)RU\TPU\subscr\107
|
| 517 |
1 |
|
|a Russian Chemical Bulletin
|
| 610 |
1 |
|
|a химия
|
| 610 |
1 |
|
|a органическая химия
|
| 610 |
1 |
|
|a физическая химия
|
| 610 |
1 |
|
|a металлоорганическая химия
|
| 610 |
1 |
|
|a общая химия
|
| 610 |
1 |
|
|a неорганическая химия
|
| 675 |
|
|
|a 54
|
| 712 |
0 |
2 |
|a Российская академия наук (РАН)
|b Институт органической химии им. Н. Д. Зелинского
|c (Москва)
|2 stltpush
|3 (RuTPU)RU\TPU\col\335
|
| 712 |
0 |
2 |
|a Отделение химии и наук о материалах
|
| 801 |
|
0 |
|a RU
|b 63413507
|c 20011210
|g PSBO
|
| 801 |
|
2 |
|a RU
|b 63413507
|c 20160412
|g PSBO
|
| 856 |
4 |
|
|u http://elibrary.ru/title_about.asp?id=7833
|
| 856 |
4 |
0 |
|u http://www.russchembull.ru/rus/
|
| 942 |
|
|
|c CR
|
| 969 |
|
|
|0 001RU\TPU\subscr\107
|